00349nam a2200133Ia 4500003000400000008004100004020002600045040000800071100002300079245004200102260004800144300001200192365001100204LDD181029s9999 xx 000 0 und d a9788180303593c750.00 cLDD aPandey,Vinod Kumar 0aVedic ArithmeticscVinod Kumar Pandey aNew DelhibCampus Books Internationalc2016 av,238p. b750.00